Ponencia del Señor Presidente constitucional de la República, Ingeniero José Napoleón Duarte, ante el Consejo Argentino para las Relaciones Internacionales
Guardado en:
| Hovedforfatter: | |
|---|---|
| Format: | Texto |
| Udgivet: |
Buenos Aires:
s.e
|
| Tags: |
Tilføj Tag
Ingen Tags, Vær først til at tagge denne postø!
|
MARC
| LEADER | 00000 a a2200000 04500 | ||
|---|---|---|---|
| 001 | 22447 | ||
| 003 | |||
| 040 | |||
| 090 | |a 153000 | ||
| 100 | |a Duarte, José Napoleón | ||
| 245 | |a Ponencia del Señor Presidente constitucional de la República, Ingeniero José Napoleón Duarte, ante el Consejo Argentino para las Relaciones Internacionales | ||
| 260 | |a Buenos Aires: |b s.e | ||
| 300 | |a 17 p. | ||
| 999 | |c 15975 |d 15975 | ||
